So sánh hiệu suất xử lý nước thải thủy sản bằng bùn hạt hiếu khí và bùn hoạt tính truyền thống : Luận văn tốt nghiệp Đại học. Chuyên ngành Kỹ thuật Môi trường

Thực hiện các thí nghiệm so sánh hiệu suất xử lý nước thải thủy sản bằng bùn hạt hiếu khí và bùn hoạt tính truyền thống

محفوظ في:
التفاصيل البيبلوغرافية
المؤلف الرئيسي: Tô, Yến Minh
التنسيق: كتاب
اللغة:Undetermined
منشور في: Cần Thơ Trường Đại học Cần Thơ 2011
الموضوعات:
الوسوم: إضافة وسم
لا توجد وسوم, كن أول من يضع وسما على هذه التسجيلة!
Thư viện lưu trữ: Trung tâm Học liệu Trường Đại học Cần Thơ
LEADER 01127nam a2200229Ia 4500
001 CTU_178635
008 210402s9999 xx 000 0 und d
082 |a 628.164 
082 |b M312 
088 |a 1087313 
100 |a Tô, Yến Minh 
245 0 |a So sánh hiệu suất xử lý nước thải thủy sản bằng bùn hạt hiếu khí và bùn hoạt tính truyền thống : 
245 0 |b Luận văn tốt nghiệp Đại học. Chuyên ngành Kỹ thuật Môi trường 
245 0 |c Tô Yến Minh ; Lê Hoàng Việt (Hướng dẫn khoa học) 
260 |a Cần Thơ 
260 |b Trường Đại học Cần Thơ 
260 |c 2011 
520 |a Thực hiện các thí nghiệm so sánh hiệu suất xử lý nước thải thủy sản bằng bùn hạt hiếu khí và bùn hoạt tính truyền thống 
650 |a Sewage,Water,Xử lý nước thải,Nước 
650 |x Purification,Sự làm sạch 
910 |a Nguyên 
980 |a Trung tâm Học liệu Trường Đại học Cần Thơ